[Event "Olimpiada de Khanty-Mansiysk 2010"]
[Site "Khanty-Mansiysk RUS"]
[Date "2010.09.27"]
[Round "6"]
[White "Solomon, Stephen J"]
[Black "Khatanbaatar, Bazar"]
[Result "0-1"]
[WhiteElo "2396"]
[BlackElo "2392"]
[PlyCount "80"]
[EventDate "2010.09.21"]
[EventType "team"]
[EventRounds "11"]
[EventCountry "RUS"]
[Source "lmi"]
[SourceDate "2010.09.21"]
[WhiteTeam "Australia"]
[BlackTeam "Mongolia"]
[WhiteTeamCountry "AUS"]
[BlackTeamCountry "MGL"]

1. e4 c5 2. Nf3 e6 3. d4 cxd4 4. Nxd4 Nf6 5. Nc3 d6 6. Be2 a6 7. O-O Qc7 8. f4
Be7 9. Kh1 Nc6 10. Be3 O-O 11. Qe1 Nxd4 12. Bxd4 b5 13. a3 Bb7 14. Qg3 Bc6 15.
Bd3 Rae8 16. Rae1 e5 17. fxe5 Nh5 18. Qh3 dxe5 19. Nd5 Bxd5 20. exd5 exd4 21.
Qxh5 g6 22. Qg4 Bd6 23. Qxd4 Bxh2 24. Qf6 Bd6 25. b4 Re5 26. Rxe5 Bxe5 27. Qf3
Qe7 28. g3 Qg5 29. Kg2 h5 30. c4 bxc4 31. Bxc4 h4 32. g4 Bd6 33. Qe4 a5 34.
bxa5 Qd2+ 35. Qe2 Qxa5 36. Kh3 Qxa3+ 37. Rf3 Qc1 38. Rf1 Qc3+ 39. Rf3 Qd4 40.
Kxh4 Qh8+ 0-1

[Event "Olimpiada de Khanty-Mansiysk 2010"]
[Site "Khanty-Mansiysk RUS"]
[Date "2010.09.27"]
[Round "6"]
[White "Jumabayev, Rinat"]
[Black "Alvarez, Marquez Johann"]
[Result "1-0"]
[WhiteElo "2547"]
[BlackElo "2414"]
[PlyCount "85"]
[EventDate "2010.09.21"]
[EventType "team"]
[EventRounds "11"]
[EventCountry "RUS"]
[Source "lmi"]
[SourceDate "2010.09.21"]
[WhiteTeam "Kazajstán"]
[BlackTeam "Venezuela"]
[WhiteTeamCountry "KAZ"]
[BlackTeamCountry "VEN"]

1. d4 d5 2. c4 e6 3. Nf3 c6 4. Nbd2 Nf6 5. e3 Bd6 6. b3 O-O 7. Bd3 b6 8. O-O
Bb7 9. Bb2 Nbd7 10. Ne5 c5 11. f4 cxd4 12. exd4 Qe7 13. Qc2 Rfd8 14. Rae1 Bb4
15. f5 Nxe5 16. Rxe5 Ng4 17. Re2 Qc7 18. Nf3 exf5 19. Bxf5 Nf6 20. c5 Ba6 21.
a3 Bxe2 22. Qxe2 bxc5 23. axb4 cxb4 24. Rc1 Qb6 25. Qc2 g6 26. Bd3 Re8 27. Rf1
Rac8 28. Qd2 Ne4 29. Qf4 f6 30. h4 Qc7 31. Qxc7 Rxc7 32. Ra1 Nc3 33. Kf1 Re3
34. Ne1 Kg7 35. Bc1 Re6 36. Bf4 Rb7 37. Nc2 Ne4 38. Ra5 g5 39. hxg5 fxg5 40.
Be5+ Kh6 41. Ke1 Nc3 42. Ne3 Rc6 43. g4 1-0

[Event "Olimpiada de Khanty-Mansiysk 2010"]
[Site "Khanty-Mansiysk RUS"]
[Date "2010.09.27"]
[Round "6"]
[White "Soto, Paez Oliver"]
[Black "Kuderinov, Kirill"]
[Result "0-1"]
[WhiteElo "2373"]
[BlackElo "2481"]
[PlyCount "106"]
[EventDate "2010.09.21"]
[EventType "team"]
[EventRounds "11"]
[EventCountry "RUS"]
[Source "lmi"]
[SourceDate "2010.09.21"]
[WhiteTeam "Venezuela"]
[BlackTeam "Kazajstán"]
[WhiteTeamCountry "VEN"]
[BlackTeamCountry "KAZ"]

1. e4 c5 2. Nf3 d6 3. d4 cxd4 4. Nxd4 Nf6 5. Nc3 g6 6. Be3 Bg7 7. f3 O-O 8. Qd2
Nc6 9. O-O-O d5 10. Kb1 Nxd4 11. e5 Nf5 12. exf6 exf6 13. Bc5 d4 14. Bxf8 Qxf8
15. Nb5 Ne3 16. Re1 f5 17. Nxd4 f4 18. c3 Qd6 19. Rxe3 fxe3 20. Qxe3 Bxd4 21.
cxd4 Be6 22. Bd3 Rd8 23. Be4 b6 24. Rd1 Qxh2 25. d5 Qe5 26. f4 Qh5 27. Bf3 Bg4
28. Qe7 Rc8 29. d6 Qf5+ 30. Be4 Qc5 31. Rh1 Be6 32. b3 Qe3 33. Bc2 Qd2 34. Be4
Qxf4 35. Re1 Qd2 36. Rh1 Kg7 37. Qh4 h5 38. Rf1 Qxd6 39. Qf6+ Kh6 40. g4 Qd8
41. g5+ Kh7 42. Qf4 Rc5 43. Rg1 Bf5 44. Bxf5 Rxf5 45. Qe3 Qd5 46. Rg3 Re5 47.
Qc3 Qd1+ 48. Kb2 Qe2+ 49. Kb1 Qf1+ 50. Kb2 Qf2+ 51. Ka3 Ra5+ 52. Kb4 Qf4+ 53.
Qc4 Qd6+ 0-1

[Event "Olimpiada de Khanty-Mansiysk 2010"]
[Site "Khanty-Mansiysk RUS"]
[Date "2010.09.27"]
[Round "6"]
[White "Ismagambetov, Anuar"]
[Black "Semerene, Dumit"]
[Result "1/2-1/2"]
[WhiteElo "2492"]
[BlackElo "2318"]
[PlyCount "58"]
[EventDate "2010.09.21"]
[EventType "team"]
[EventRounds "11"]
[EventCountry "RUS"]
[Source "lmi"]
[SourceDate "2010.09.21"]
[WhiteTeam "Kazajstán"]
[BlackTeam "Venezuela"]
[WhiteTeamCountry "KAZ"]
[BlackTeamCountry "VEN"]

1. e4 c6 2. c4 d5 3. cxd5 cxd5 4. exd5 Nf6 5. Nc3 Nxd5 6. Nf3 Nc6 7. Bb5 e6 8.
O-O Be7 9. d4 O-O 10. Re1 Bf6 11. Ne4 Nce7 12. a3 Bd7 13. Bd3 Bc6 14. Nfg5 h6
15. Nf3 Nf5 16. Bb1 Re8 17. Qd3 a6 18. Ne5 Qb6 19. Ng3 Bb5 20. Qf3 Qxd4 21. Ng4
Nxg3 22. hxg3 Bg5 23. Bxg5 hxg5 24. Ne5 Re7 25. Be4 Nf6 26. Rad1 Qxb2 27. Bxb7
Be2 28. Rxe2 Qxb7 29. Qe3 Nd5 1/2-1/2

[Event "Olimpiada de Khanty-Mansiysk 2010"]
[Site "Khanty-Mansiysk RUS"]
[Date "2010.09.27"]
[Round "6"]
[White "Akylbekov, Nasyr"]
[Black "Collins, Sam E"]
[Result "0-1"]
[WhiteElo "2390"]
[BlackElo "2431"]
[PlyCount "166"]
[EventDate "2010.09.21"]
[EventType "team"]
[EventRounds "11"]
[EventCountry "RUS"]
[Source "lmi"]
[SourceDate "2010.09.21"]
[WhiteTeam "Kyrgyzstan"]
[BlackTeam "Irlanda"]
[WhiteTeamCountry "KGZ"]
[BlackTeamCountry "IRL"]

1. e4 e5 2. Nf3 Nc6 3. Nc3 Nf6 4. d4 exd4 5. Nxd4 Bb4 6. Nxc6 bxc6 7. Bd3 d5 8.
exd5 Qe7+ 9. Qe2 Qxe2+ 10. Bxe2 cxd5 11. Bd2 O-O 12. O-O-O c6 13. a3 Ba5 14. f3
Bf5 15. g4 Be6 16. Na4 Bc7 17. Ba6 Rab8 18. h3 Rfe8 19. Rhe1 d4 20. Bg5 Bd5 21.
Rf1 Be5 22. Nc5 Rb6 23. Bd3 Rd8 24. Bd2 Nd7 25. Nxd7 Rxd7 26. Rde1 f6 27. f4
Bd6 28. Re8+ Kf7 29. Rfe1 g6 30. Rh8 Kg7 31. Ree8 Rdb7 32. b4 Bf7 33. Rd8 Be7
34. Ra8 a5 35. g5 axb4 36. axb4 fxg5 37. fxg5 Bxb4 38. Rhd8 c5 39. Bxb4 Rxb4
40. Be4 Rb1+ 41. Kd2 Rc7 42. Bd5 Bxd5 43. Rxd5 Rh1 44. Rdd8 Rxh3 45. Rg8+ Kf7
46. Rae8 Re7 47. Rgf8+ Ke6 48. Rf6+ Kd7 49. Ra8 Rhe3 50. Ra7+ Kd8 51. Rd6+ Ke8
52. Ra8+ Kf7 53. Rh8 Kg7 54. Rdd8 Rg3 55. Rhg8+ Kf7 56. Rgf8+ Ke6 57. Rf6+ Ke5
58. Rc6 Rg2+ 59. Kc1 Rg1+ 60. Kd2 Rg2+ 61. Kc1 Ke4 62. Rxc5 Re5 63. Rxe5+ Kxe5
64. Rd7 Rh2 65. Kb2 Kf4 66. Rd5 d3 67. Rxd3 Kxg5 68. Kc1 Rh4 69. Kd2 h5 70.
Rd5+ Kh6 71. Kd3 Rh1 72. c4 Rd1+ 73. Ke4 Rc1 74. Rc5 h4 75. Kf3 h3 76. Kg3 Rc3+
77. Kh2 g5 78. Rc8 Kh5 79. Ra8 Kh4 80. Ra4 Rc2+ 81. Kh1 g4 82. c5 h2 83. Ra3 g3
0-1

[Event "Olimpiada de Khanty-Mansiysk 2010"]
[Site "Khanty-Mansiysk RUS"]
[Date "2010.09.27"]
[Round "6"]
[White "Heidenfeld, Mark"]
[Black "Markov, Mikhail"]
[Result "1-0"]
[WhiteElo "2360"]
[BlackElo "2261"]
[PlyCount "95"]
[EventDate "2010.09.21"]
[EventType "team"]
[EventRounds "11"]
[EventCountry "RUS"]
[Source "lmi"]
[SourceDate "2010.09.21"]
[WhiteTeam "Irlanda"]
[BlackTeam "Kyrgyzstan"]
[WhiteTeamCountry "IRL"]
[BlackTeamCountry "KGZ"]

1. e4 c5 2. Nf3 e6 3. c4 a6 4. Nc3 Qc7 5. g3 Nf6 6. Bg2 Nc6 7. O-O Be7 8. d4
cxd4 9. Nxd4 h5 10. Bg5 Nxd4 11. Qxd4 Bc5 12. Qd2 h4 13. Bf4 e5 14. Be3 hxg3
15. hxg3 d6 16. Rac1 Bh3 17. Bxc5 Qxc5 18. Nd5 Bxg2 19. Nxf6+ gxf6 20. Kxg2 Ke7
21. Qd5 Rab8 22. b4 Qxd5 23. cxd5 Rhc8 24. Kf3 Kd7 25. Rh1 Ke7 26. a3 Kd7 27.
Kg4 Ke7 28. Kf5 b5 29. f4 exf4 30. gxf4 Ra8 31. Rhg1 Rab8 32. Rge1 Ra8 33. Rh1
Rab8 34. Rc6 Rxc6 35. dxc6 Rg8 36. Rh3 Kd8 37. Kxf6 Kc7 38. Kxf7 Rg4 39. Rf3
Kxc6 40. Ke6 Rg6+ 41. Kf5 Rg1 42. Rd3 Rg8 43. e5 d5 44. Ke6 Re8+ 45. Kf7 Rh8
46. f5 Rh5 47. Ke6 Rh8 48. Rc3+ 1-0

[Event "Olimpiada de Khanty-Mansiysk 2010"]
[Site "Khanty-Mansiysk RUS"]
[Date "2010.09.27"]
[Round "6"]
[White "Tologontegin, Semetey"]
[Black "Daly, Colm"]
[Result "1-0"]
[WhiteElo "2320"]
[BlackElo "2277"]
[PlyCount "101"]
[EventDate "2010.09.21"]
[EventType "team"]
[EventRounds "11"]
[EventCountry "RUS"]
[Source "lmi"]
[SourceDate "2010.09.21"]
[WhiteTeam "Kyrgyzstan"]
[BlackTeam "Irlanda"]
[WhiteTeamCountry "KGZ"]
[BlackTeamCountry "IRL"]

1. d4 e6 2. c4 Nf6 3. Nc3 Bb4 4. e3 c5 5. Nge2 d5 6. a3 Bxc3+ 7. Nxc3 cxd4 8.
exd4 dxc4 9. Bxc4 Nc6 10. Be3 O-O 11. O-O b6 12. Qf3 Bb7 13. Qg3 Ne7 14. Bd3
Nf5 15. Qh3 Nxe3 16. fxe3 h6 17. Rad1 Qe7 18. Rf2 Rad8 19. Rdf1 Nd5 20. e4 Nxc3
21. bxc3 e5 22. Bc4 exd4 23. Rxf7 Rxf7 24. Rxf7 Qxf7 25. Bxf7+ Kxf7 26. Qf5+
Kg8 27. Qe6+ Kf8 28. cxd4 Rxd4 29. Qf5+ Kg8 30. Qe5 Rxe4 31. Qb8+ Kh7 32. Qxb7
Ra4 33. Qf3 Ra5 34. Qd3+ Kg8 35. Kf2 h5 36. Qg6 Kf8 37. g3 Kg8 38. Kg2 Kf8 39.
Kh3 Kg8 40. Kh4 Kf8 41. Qe6 Rc5 42. h3 Ra5 43. g4 hxg4 44. hxg4 Rc5 45. g5 Rc7
46. g6 b5 47. Qd6+ Re7 48. Qb8+ Re8 49. Qxa7 Re7 50. Qb8+ Re8 51. Qxb5 1-0

[Event "Olimpiada de Khanty-Mansiysk 2010"]
[Site "Khanty-Mansiysk RUS"]
[Date "2010.09.27"]
[Round "6"]
[White "Fitzsimons, David"]
[Black "Shukuraliev, Algis"]
[Result "0-1"]
[WhiteElo "2229"]
[BlackElo "2332"]
[PlyCount "68"]
[EventDate "2010.09.21"]
[EventType "team"]
[EventRounds "11"]
[EventCountry "RUS"]
[Source "lmi"]
[SourceDate "2010.09.21"]
[WhiteTeam "Irlanda"]
[BlackTeam "Kyrgyzstan"]
[WhiteTeamCountry "IRL"]
[BlackTeamCountry "KGZ"]

1. e4 e5 2. Nf3 Nc6 3. d4 exd4 4. Nxd4 Bc5 5. Nxc6 Qf6 6. Qf3 bxc6 7. Be2 Qxf3
8. Bxf3 Ne7 9. O-O Rb8 10. Rd1 O-O 11. Nc3 Ng6 12. Na4 Be7 13. Be3 d6 14. b3 c5
15. Rd2 Bb7 16. g3 Bf6 17. Rb1 Rfe8 18. c4 Bxe4 19. Bxe4 Rxe4 20. Kg2 Rxc4 21.
Rbd1 Re4 22. Nb2 Bxb2 23. Rxb2 a5 24. Rbd2 a4 25. bxa4 Rxa4 26. h4 f6 27. f4
Ne7 28. Re1 Kf7 29. g4 Rba8 30. Ree2 Nc6 31. Rb2 Nb4 32. Kf3 Rxa2 33. Ke4 Re8+
34. Kf3 Ra3 0-1

[Event "Olimpiada de Khanty-Mansiysk 2010"]
[Site "Khanty-Mansiysk RUS"]
[Date "2010.09.27"]
[Round "6"]
[White "Adly, Ahmed"]
[Black "Zhang, Zhong"]
[Result "0-1"]
[WhiteElo "2630"]
[BlackElo "2582"]
[PlyCount "116"]
[EventDate "2010.09.21"]
[EventType "team"]
[EventRounds "11"]
[EventCountry "RUS"]
[Source "lmi"]
[SourceDate "2010.09.21"]
[WhiteTeam "Egipto"]
[BlackTeam "Singapur"]
[WhiteTeamCountry "EGY"]
[BlackTeamCountry "SIN"]

1. d4 d5 2. Nf3 Nf6 3. g3 c6 4. Bg2 Bg4 5. O-O Nbd7 6. c4 e6 7. h3 Bh5 8. Qb3
Qb6 9. c5 Qa6 10. Bf4 b6 11. cxb6 axb6 12. Rc1 Rc8 13. Nc3 Be7 14. Nd2 Bg6 15.
e4 O-O 16. Re1 dxe4 17. Ndxe4 Nxe4 18. Nxe4 Bxe4 19. Bxe4 Nf6 20. Bd3 Qa7 21.
Rad1 Nd5 22. Bc1 Bf6 23. Bb1 Rfd8 24. g4 b5 25. Re4 g6 26. h4 Rd6 27. h5 Qd7
28. hxg6 hxg6 29. Kg2 Bg7 30. g5 e5 31. dxe5 Ne3+ 32. Qxe3 Rxd1 33. Bc2 Rd8 34.
e6 fxe6 35. Bb3 Rd5 36. Rxe6 c5 37. Bc2 Rd6 38. Rxg6 Qg4+ 39. Qg3 Qxg3+ 40.
Kxg3 Rxg6 41. Bxg6 Rd1 42. Be3 Bd4 43. Kf4 Kg7 44. Be4 Bxe3+ 45. Kxe3 Re1+ 46.
Kf4 Re2 47. f3 Rxb2 48. Ke5 c4 49. Kd4 Rxa2 50. f4 Rd2+ 51. Kc3 Re2 52. Bb1 Rf2
53. f5 Rg2 54. g6 Kf6 55. Be4 Rg3+ 56. Kb4 Re3 57. Bd5 Rb3+ 58. Kc5 Rb2 0-1

[Event "Olimpiada de Khanty-Mansiysk 2010"]
[Site "Khanty-Mansiysk RUS"]
[Date "2010.09.27"]
[Round "6"]
[White "Fernandez, Daniel Howard"]
[Black "Amin, Bassem"]
[Result "0-1"]
[WhiteElo "2371"]
[BlackElo "2578"]
[PlyCount "124"]
[EventDate "2010.09.21"]
[EventType "team"]
[EventRounds "11"]
[EventCountry "RUS"]
[Source "lmi"]
[SourceDate "2010.09.21"]
[WhiteTeam "Singapur"]
[BlackTeam "Egipto"]
[WhiteTeamCountry "SIN"]
[BlackTeamCountry "EGY"]

1. f4 g6 2. Nf3 Bg7 3. g3 d5 4. c3 Nd7 5. Bg2 c6 6. d3 e5 7. Qc2 Qe7 8. fxe5
Nxe5 9. O-O h5 10. Nxe5 Bxe5 11. d4 Bc7 12. e4 h4 13. e5 hxg3 14. hxg3 Bf5 15.
Qf2 f6 16. Nd2 fxe5 17. Nf3 e4 18. Bg5 exf3 19. Bxe7 fxg2 20. Bh4 gxf1=Q+ 21.
Rxf1 Kd7 22. g4 Be6 23. Bg3 Bxg3 24. Qxg3 Nh6 25. Rf6 Nf7 26. Qf4 Raf8 27. Rxg6
Rfg8 28. Rxg8 Rxg8 29. Kf1 a6 30. a4 Rxg4 31. Qb8 Nd6 32. Qh8 Bf5 33. a5 Re4
34. Qf8 Re7 35. Qh8 Nc4 36. Qb8 Bd3+ 37. Kg1 Rg7+ 38. Kh2 Nd6 39. b3 Re7 40.
Qf8 Bc2 41. b4 Bg6 42. Qg8 Bf7 43. Qg4+ Be6 44. Qf4 Rh7+ 45. Kg1 Rh3 46. Qc1
Ne4 47. Qf4 Rg3+ 48. Kh2 Rxc3 49. Qb8 Nd6 50. Qa7 Rc4 51. Qb6 Kc8 52. Kg3 Nb5
53. Kf4 Rxd4+ 54. Ke5 Re4+ 55. Kf6 Bd7 56. Qc5 Re6+ 57. Kg5 d4 58. Qf8+ Kc7 59.
Qf4+ Rd6 60. Qh2 d3 61. Qd2 Na3 62. b5 Nxb5 0-1

[Event "Olimpiada de Khanty-Mansiysk 2010"]
[Site "Khanty-Mansiysk RUS"]
[Date "2010.09.27"]
[Round "6"]
[White "Abdel Razik, Khaled"]
[Black "Chan, Wei Xuan Timothy"]
[Result "0-1"]
[WhiteElo "2480"]
[BlackElo "2338"]
[PlyCount "150"]
[EventDate "2010.09.21"]
[EventType "team"]
[EventRounds "11"]
[EventCountry "RUS"]
[Source "lmi"]
[SourceDate "2010.09.21"]
[WhiteTeam "Egipto"]
[BlackTeam "Singapur"]
[WhiteTeamCountry "EGY"]
[BlackTeamCountry "SIN"]

1. d4 Nf6 2. c4 e6 3. Nf3 b6 4. g3 Ba6 5. Qc2 Bb7 6. Bg2 c5 7. d5 exd5 8. cxd5
Nxd5 9. O-O Be7 10. a3 Nc7 11. Rd1 Qc8 12. Bf4 d5 13. Bxc7 Qxc7 14. Nc3 d4 15.
Nb5 Qc6 16. Nh4 Qd7 17. Rxd4 cxd4 18. Nc7+ Kd8 19. Bxb7 Bxh4 20. gxh4 Qxc7 21.
Qe4 Re8 22. Qf3 Ke7 23. Bxa8 Kf8 24. Bd5 Qe7 25. Rd1 Nd7 26. Rxd4 Ne5 27. Qc3
Rd8 28. Be4 Rxd4 29. Qxd4 Qf6 30. e3 h6 31. h3 Qe7 32. Kf1 Nd7 33. Bc6 Nf6 34.
Ke2 Kg8 35. Ba4 g6 36. Bc2 Qe6 37. e4 Nh5 38. Kd2 Qxh3 39. e5 Qe6 40. Bd3 Ng7
41. Bc4 Qe7 42. Qf4 h5 43. Bd3 Ne6 44. Qc4 Kg7 45. b4 Qd7 46. Ke3 Qa4 47. Qc3
Qd1 48. Bc4 Kh6 49. Bxe6 fxe6 50. f3 Qg1+ 51. Ke4 Qb1+ 52. Kd4 Qd1+ 53. Ke3 Qh1
54. Qc7 Qxh4 55. Qb8 Qg5+ 56. f4 Qe7 57. Qh8+ Qh7 58. Qe8 Qc7 59. Kd4 Kg7 60.
Qxe6 Qf7 61. Qh3 Qxf4+ 62. Kd5 Qg4 63. Qc3 Qd7+ 64. Ke4 Qb7+ 65. Kd4 g5 66. Qh3
Qf7 67. e6 g4 68. Qe3 Qf6+ 69. Kc4 Qf1+ 70. Kd4 Qf6+ 71. Kc4 Kf8 72. Kb5 Qf1+
73. Kc6 Ke7 74. Qg5+ Kxe6 75. Qxh5 Qf3+ 0-1

[Event "Olimpiada de Khanty-Mansiysk 2010"]
[Site "Khanty-Mansiysk RUS"]
[Date "2010.09.27"]
[Round "6"]
[White "Chua, Zheng Yuan Terry"]
[Black "Ezat, Mohamed"]
[Result "0-1"]
[WhiteElo "2280"]
[BlackElo "2448"]
[PlyCount "74"]
[EventDate "2010.09.21"]
[EventType "team"]
[EventRounds "11"]
[EventCountry "RUS"]
[Source "lmi"]
[SourceDate "2010.09.21"]
[WhiteTeam "Singapur"]
[BlackTeam "Egipto"]
[WhiteTeamCountry "SIN"]
[BlackTeamCountry "EGY"]

1. e4 c6 2. d4 d5 3. f3 e6 4. Nc3 Bb4 5. Nge2 Ne7 6. Bf4 Nd7 7. Qd3 dxe4 8.
fxe4 e5 9. Bg3 O-O 10. O-O-O exd4 11. Nxd4 Ng6 12. a3 Nc5 13. Qc4 Qg5+ 14. Kb1
Bxc3 15. Nf3 Qe3 16. Bd3 Ba5 17. Bd6 Ne6 18. Bxf8 Nexf8 19. Rhf1 Be6 20. Qa4
Bc7 21. Rde1 Qc5 22. Nd4 b5 23. Qb4 Qb6 24. Nf5 a5 25. Qd2 b4 26. a4 b3 27. c3
Rd8 28. Nd4 Ne5 29. Re3 Nxd3 30. Nxe6 Nxe6 31. Rxd3 Rf8 32. Qd1 Qa6 33. Rd7 Qc4
34. Rf5 Qxa4 35. Qd3 Qa2+ 36. Kc1 Qa1+ 37. Qb1 Bf4+ 0-1

[Event "Olimpiada de Khanty-Mansiysk 2010"]
[Site "Khanty-Mansiysk RUS"]
[Date "2010.09.27"]
[Round "6"]
[White "Gruenfeld, Yehuda"]
[Black "Megaranto, Susanto"]
[Result "0-1"]
[WhiteElo "2464"]
[BlackElo "2516"]
[PlyCount "124"]
[EventDate "2010.09.21"]
[EventType "team"]
[EventRounds "11"]
[EventCountry "RUS"]
[Source "lmi"]
[SourceDate "2010.09.21"]
[WhiteTeam "ICS"]
[BlackTeam "Indonesia"]
[BlackTeamCountry "INA"]

1. e4 e5 2. Nf3 Nc6 3. Bb5 d6 4. d4 exd4 5. Nxd4 Bd7 6. Nc3 Nf6 7. O-O Be7 8.
Bxc6 bxc6 9. Qf3 O-O 10. b3 c5 11. Nf5 Bxf5 12. Qxf5 Nd7 13. Nd5 Bf6 14. Nxf6+
Qxf6 15. Qxf6 Nxf6 16. f3 Nd7 17. Bb2 f6 18. Rfe1 Rfe8 19. Kf2 Rab8 20. Bc3 Re7
21. f4 Kf7 22. Rad1 Rbe8 23. Kf3 g5 24. g3 Rg8 25. h3 Ke6 26. f5+ Kf7 27. h4
g4+ 28. Kf4 h5 29. a3 Rb8 30. Re2 Rb7 31. Ke3 Re8 32. Ree1 Reb8 33. a4 Re8 34.
Kd3 Nb8 35. a5 Nc6 36. Ra1 a6 37. Ra4 Rb5 38. Rb1 Nb4+ 39. Bxb4 cxb4 40. Re1 d5
41. Re3 Re5 42. c4 bxc3 43. Kxc3 dxe4 44. Rc4 Rxf5 45. Rxc7+ Kg6 46. Rc4 Rxa5
47. Rcxe4 Rac5+ 48. Kd3 Rf2 49. Ra4 Rcc2 50. Ke4 Rce2 51. Rxe2 Rxe2+ 52. Kd4
Rg2 53. b4 Rxg3 54. Rxa6 Rb3 55. Kc4 Rb2 56. Ra8 Kf5 57. Ra5+ Ke4 58. Rxh5 g3
59. Rh6 f5 60. h5 g2 61. Rg6 Kf3 62. h6 Rb1 0-1

[Event "Olimpiada de Khanty-Mansiysk 2010"]
[Site "Khanty-Mansiysk RUS"]
[Date "2010.09.27"]
[Round "6"]
[White "Purnama, Tirta Chandra"]
[Black "Collutiis, Duilio"]
[Result "1/2-1/2"]
[WhiteElo "2400"]
[BlackElo "2447"]
[PlyCount "96"]
[EventDate "2010.09.21"]
[EventType "team"]
[EventRounds "11"]
[EventCountry "RUS"]
[Source "lmi"]
[SourceDate "2010.09.21"]
[WhiteTeam "Indonesia"]
[BlackTeam "ICS"]
[WhiteTeamCountry "INA"]

1. d4 Nf6 2. c4 c5 3. d5 b5 4. cxb5 a6 5. e3 g6 6. Nc3 Bg7 7. Nf3 O-O 8. a4 d6
9. e4 Ne8 10. Ra3 Nd7 11. Be2 axb5 12. Bxb5 Nc7 13. Be2 Ba6 14. O-O Bxe2 15.
Qxe2 Qb8 16. Nd2 Qb7 17. Nc4 Rfb8 18. Bg5 Ne5 19. b3 Nxc4 20. Qxc4 Qb4 21. Nb1
Kf8 22. Bd2 Qxc4 23. bxc4 Rb2 24. Be3 Rb4 25. Nd2 Bb2 26. Ra2 Raxa4 27. Rxa4
Rxa4 28. f3 Bc3 29. Rc1 Bb4 30. Rc2 Na8 31. Nf1 Nb6 32. Bh6+ Ke8 33. Ne3 Ra3
34. Kf2 Bc3 35. Ke2 Bd4 36. Nd1 Kd7 37. Bd2 Kc7 38. Bc1 Ra4 39. Kd3 Rb4 40. Bd2
Rb3+ 41. Ke2 Ra3 42. Bc1 Ra4 43. Kd3 Nd7 44. f4 Rb4 45. Ra2 Kb7 46. Bd2 Rb3+
47. Kc2 Rb6 48. Nc3 Ra6 1/2-1/2

[Event "Olimpiada de Khanty-Mansiysk 2010"]
[Site "Khanty-Mansiysk RUS"]
[Date "2010.09.27"]
[Round "6"]
[White "Klasan, Vladimir"]
[Black "Halay, Taufik"]
[Result "0-1"]
[WhiteElo "2393"]
[BlackElo "2358"]
[PlyCount "134"]
[EventDate "2010.09.21"]
[EventType "team"]
[EventRounds "11"]
[EventCountry "RUS"]
[Source "lmi"]
[SourceDate "2010.09.21"]
[WhiteTeam "ICS"]
[BlackTeam "Indonesia"]
[BlackTeamCountry "INA"]

1. e4 d5 2. exd5 Qxd5 3. Nf3 a6 4. d4 Nf6 5. Be2 e6 6. O-O Be7 7. c4 Qd8 8. Nc3
O-O 9. Be3 Nbd7 10. Qc2 c5 11. dxc5 Bxc5 12. Bf4 h6 13. Rad1 Nh5 14. Bd6 Bxd6
15. Rxd6 Qc7 16. Rfd1 Nhf6 17. Qd2 Rb8 18. Qe3 Qc5 19. Qxc5 Nxc5 20. Ne5 Re8
21. f3 a5 22. Nb5 b6 23. Nc7 Rf8 24. Kf2 Rb7 25. Nb5 Bd7 26. Nxd7 Nfxd7 27. Ke3
g5 28. a3 a4 29. Nc3 Nf6 30. Rd8 Ra7 31. Rxf8+ Kxf8 32. Rd8+ Ke7 33. Rb8 Ncd7
34. Rh8 h5 35. Bd1 Nc5 36. g3 Ra5 37. h4 gxh4 38. gxh4 Ne8 39. Rxh5 Nd6 40. Be2
Ra8 41. Kf2 Kf6 42. Rg5 Rh8 43. Rg4 Ke5 44. Rg5+ f5 45. Kg3 Kf6 46. Kh3 Ke5 47.
Bd1 Nxc4 48. Nxa4 Nd3 49. Kg3 b5 50. Nc3 Ndxb2 51. Be2 Nxa3 52. Nxb5 Nxb5 53.
Bxb5 Nd1 54. h5 Nc3 55. Bc4 Nd5 56. Bxd5 exd5 57. Kh4 Kf4 58. Rg1 d4 59. Rd1
Rd8 60. h6 d3 61. Kh5 Kxf3 62. Kg5 f4 63. h7 Ke2 64. Rh1 f3 65. h8=Q Rxh8 66.
Rxh8 f2 67. Re8+ Kf3 0-1

[Event "Olimpiada de Khanty-Mansiysk 2010"]
[Site "Khanty-Mansiysk RUS"]
[Date "2010.09.27"]
[Round "6"]
[White "Irwanto, Sadikin"]
[Black "Salov, Sergej"]
[Result "1-0"]
[WhiteElo "2419"]
[BlackElo "2271"]
[PlyCount "101"]
[EventDate "2010.09.21"]
[EventType "team"]
[EventRounds "11"]
[EventCountry "RUS"]
[Source "lmi"]
[SourceDate "2010.09.21"]
[WhiteTeam "Indonesia"]
[BlackTeam "ICS"]
[WhiteTeamCountry "INA"]

1. d4 Nf6 2. c4 e6 3. Nf3 Bb4+ 4. Bd2 a5 5. Qc2 d5 6. e3 O-O 7. Bd3 dxc4 8.
Bxc4 Nc6 9. O-O Bd6 10. Bc3 Bd7 11. e4 b5 12. Bxb5 Nb4 13. Bxb4 Bxb5 14. Bxd6
cxd6 15. Rc1 d5 16. e5 Ne4 17. Nbd2 Rc8 18. Qd1 Nxd2 19. Qxd2 Qb6 20. Rxc8 Rxc8
21. Rc1 Ba6 22. Rxc8+ Bxc8 23. Qc3 Bd7 24. b3 h6 25. Qc5 Qa6 26. h3 a4 27. Qc7
axb3 28. axb3 Bb5 29. Kh2 Bd3 30. Qc3 Bb5 31. Ne1 g6 32. Nc2 Qa2 33. Kg3 Kg7
34. h4 h5 35. Ne1 Qe2 36. Nf3 Qe4 37. Qe3 Qg4+ 38. Kh2 Bf1 39. Qg5 Qe4 40. Kg1
Bb5 41. Qf6+ Kg8 42. Ng5 Qf5 43. Qxf5 exf5 44. f3 Kf8 45. Kf2 Ke7 46. Ke3 Bf1
47. g3 f6 48. exf6+ Kxf6 49. f4 Bg2 50. Kd2 Ke7 51. Kc3 1-0

[Event "Olimpiada de Khanty-Mansiysk 2010"]
[Site "Khanty-Mansiysk RUS"]
[Date "2010.09.27"]
[Round "6"]
[White "Meijers, Viesturs"]
[Black "Valdes, Leonardo"]
[Result "1-0"]
[WhiteElo "2502"]
[BlackElo "2429"]
[PlyCount "83"]
[EventDate "2010.09.21"]
[EventType "team"]
[EventRounds "11"]
[EventCountry "RUS"]
[Source "lmi"]
[SourceDate "2010.09.21"]
[WhiteTeam "Letonia"]
[BlackTeam "Costa Rica"]
[WhiteTeamCountry "LAT"]
[BlackTeamCountry "CRI"]

1. e4 d6 2. d4 Nf6 3. Nc3 g6 4. Be2 Bg7 5. Be3 c6 6. Qd2 Qa5 7. a3 O-O 8. h4 e5
9. h5 exd4 10. Bxd4 Re8 11. hxg6 fxg6 12. Nf3 Bg4 13. O-O-O Nbd7 14. Bc4+ Be6
15. Bxe6+ Rxe6 16. Ng5 Re7 17. Kb1 b6 18. f4 Rae8 19. Qd3 b5 20. Rh3 Qc7 21.
Rdh1 Nf8 22. Rh4 Qd7 23. g4 Ne6 24. Nxe6 Qxe6 25. f5 gxf5 26. exf5 Qf7 27. g5
Re1+ 28. Nd1 Rxh1 29. Rxh1 Ne4 30. f6 Qd5 31. Rf1 Rf8 32. Ne3 Qe6 33. fxg7
Rxf1+ 34. Nxf1 Nxg5 35. Ng3 c5 36. Bc3 b4 37. axb4 cxb4 38. Bxb4 Kxg7 39. Nf5+
Kg8 40. Nxd6 h6 41. b3 Qd7 42. Bc3 1-0